000 00647cam a22001814a 4500
005 20250605164353.0
008 250528s ||||||||||||||||||||||||d
035 _a24187
040 _aGR-AtMCL
_bgre
_dGR-AtMCL
_eAACR2
245 1 _aNoise and Vibrations / Exploring the Projects and Solutions that are Helping to Reduce Rail Noise and Vibrations, an Industry Issue that Could Get Worse if no Further Action is Taken
260 _bGlobal Railway Review,
_c2018
300 _a64
520 _aNoise and Vibrations, Digital Signaling and Train Control.
700 1 _aWaters Craig
_99421
942 _cCR
999 _c9082
_d9082